000 00459nam a2200169 i 4500
001 70104
003 ES-MaACL
005 20231205195753.0
007 t|
008 040716s1953 sp ||||1| spa d
100 1 _aGarcía Nieto, José,
_d1914-2001
_955029
245 1 0 _aSonetos por mi hija /
_cJosé García Nieto.
260 _aMadrid :
_b[s.n.,
_c1953]
300 _a4 h. ;
_c32 cm.
852 _aES-MaACL
_j1943-F-12
_bR.34714
999 _c70104
_d70104